El casino dels Senyors / (Record no. 24115)

MARC details
000 -LEADER
campo de control de longitud fija 00596nam a2200205 i 4500
001 - NÚMERO DE CONTROL
campo de control 24115
003 - IDENTIFICADOR DE NÚMERO DE CONTROL
campo de control ES-MaACL
005 - FECHA Y HORA DE LA ÚLTIMA TRANSACCIÓN
campo de control 20230906153007.0
007 - CAMPO FIJO DE DESCRIPCIÓN FÍSICA--INFORMACIÓN GENERAL
campo de control de longitud fija t|
008 - DATOS DE LONGITUD FIJA--INFORMACIÓN GENERAL
campo de control de longitud fija 021216s1956 sp ||||1| cat d
100 1# - ENTRADA PRINCIPAL--NOMBRE DE PERSONA
Nombre de persona Amat-Piniella, J.
9 (RLIN) 21142
245 13 - MENCIÓN DEL TÍTULO
Título El casino dels Senyors /
Mención de responsabilidad, etc. J. Amat-Piniella.
250 ## - MENCION DE EDICION
Mención de edición [1ª ed].
260 ## - PUBLICACIÓN, DISTRIBUCIÓN, ETC.
Lugar de publicación, distribución, etc. Barcelona :
Nombre del editor, distribuidor, etc. Alberti,
Fecha de publicación, distribución, etc. [1956] (
Fabricante Girona Talls. Tipografiques)
300 ## - DESCRIPCIÓN FÍSICA
Extensión 134 p. ;
Dimensiones 16 cm.
490 1# - MENCIÓN DE SERIE
Mención de serie Nova Col. lletres ;
Designación de volumen o secuencia 24
830 0# - PUNTO DE ACCESO ADICIONAL DE SERIE-TÍTULO UNIFORME
Título uniforme Nova Col. lletres ;
Designación de volumen o secuencia 24
9 (RLIN) 181453
852 ## - LOCALIZACIÓN
Ubicación ES-MaACL
Número de control de estantería C-13533
Sublocalización o colección R.40170
Holdings
Estatus retirado Estado de pérdida Estado de daño No para préstamo Biblioteca de origen Biblioteca actual Ubicación en estantería Fecha de adquisición Fuente de adquisición Total de préstamos Signatura topográfica completa Código de barras Visto por última vez Precio de reemplazo Tipo de ítem Koha
        Biblioteca del Ateneo de Madrid Biblioteca del Ateneo de Madrid Sala Palomar 17/01/2008     C-13533 1024858 23/02/2023 23/02/2023 Libro impreso